Byl in my bos / (Record no. 76525)
[ view plain ]
| 000 -LEADER | |
|---|---|
| fixed length control field | 01141nam a2200265Ib 4500 |
| 003 - CONTROL NUMBER IDENTIFIER | |
| control field | 3228 |
| 005 - DATE AND TIME OF LATEST TRANSACTION | |
| control field | 20260414165507.0 |
| 008 - FIXED-LENGTH DATA ELEMENTS--GENERAL INFORMATION | |
| fixed length control field | 210816s9999 xx o j 000 1 AFR d |
| 020 ## - INTERNATIONAL STANDARD BOOK NUMBER | |
| International Standard Book Number | 9780620436533 (paperback) |
| 040 ## - CATALOGING SOURCE | |
| Original cataloging agency | MPL |
| Transcribing agency | 3228 |
| Language of cataloging | eng |
| Description conventions | Resource Description and Access |
| 041 ## - LANGUAGE CODE | |
| Language code of text/sound track or separate title | Afrikaans |
| 082 ## - DEWEY DECIMAL CLASSIFICATION NUMBER | |
| Classification number | AF VAND |
| 082 ## - DEWEY DECIMAL CLASSIFICATION NUMBER | |
| Edition number | ATF VAND |
| 100 ## - MAIN ENTRY--PERSONAL NAME | |
| Personal name | Van Deventer, Hennie |
| 9 (RLIN) | 121659 |
| Relator term | author |
| 245 #0 - TITLE STATEMENT | |
| Title | Byl in my bos / |
| Statement of responsibility, etc. | Hennie van Deventer |
| 250 ## - EDITION STATEMENT | |
| Edition statement | Eerste uitgawe |
| 260 ## - PUBLICATION, DISTRIBUTION, ETC. | |
| Place of publication, distribution, etc. | [place of publication not identified] : |
| Name of publisher, distributor, etc. | Griffel media , |
| Date of publication, distribution, etc. | 2009. |
| 300 ## - PHYSICAL DESCRIPTION | |
| Extent | 213 pages : |
| Dimensions | 21 cm |
| 500 ## - GENERAL NOTE | |
| General note | Hierdie bundel herinneringe is my huldeblyk aan tydgenote van verskillende generasies wat reeds deur die Byl uit ons bos gekap is - party klein van gestalte; ander rysige menere wat lang skaduwees gegooi het. Dankie aan elkeen vir langer of korter onthou-paadjies wat ons saam in ons bos bewandel het. Al die ervarings het my lewe verryk. Hennie Van Deventer |
| 655 #0 - INDEX TERM--GENRE/FORM | |
| 9 (RLIN) | 188476 |
| Genre/form data or focus term | Youth Fiction |
| 655 #0 - INDEX TERM--GENRE/FORM | |
| 9 (RLIN) | 188558 |
| Genre/form data or focus term | Short Stories Fiction |
| 655 #0 - INDEX TERM--GENRE/FORM | |
| 9 (RLIN) | 188670 |
| Genre/form data or focus term | Human Relations Fiction |
| 655 #0 - INDEX TERM--GENRE/FORM | |
| 9 (RLIN) | 131418 |
| Genre/form data or focus term | Biographical fiction |
| 942 ## - ADDED ENTRY ELEMENTS | |
| item type | Books |
| Source of classification or shelving scheme | Dewey Decimal Classification |
| -- | 296 |
| -- | Phillipina Naude |
| Withdrawn status | Lost status | Damaged status | Not for loan | Home library | Current library | Date acquired | Cost, normal purchase price | Total Checkouts | Barcode | Date last seen | Price effective from | item type | Source of classification or shelving scheme | Shelving location | Full call number | Coded location qualifier | Collection code | Public note |
|---|---|---|---|---|---|---|---|---|---|---|---|---|---|---|---|---|---|---|
| Klipfontein PL (MMID-PLEM-KLIP) | Klipfontein PL (MMID-PLEM-KLIP) | 14.04.2026 | 33228017851492 | 14.04.2026 | 14.04.2026 | Books | Dewey Decimal Classification | Children's Area | AF VAND | Fiction | 172120 | |||||||
| Sabie Public Library (Closed for renovations) | Sabie Public Library (Closed for renovations) | 09.07.2024 | 33228019375458 | 09.07.2024 | 09.07.2024 | Books | Dewey Decimal Classification | General Stacks | AF VAND | |||||||||
| Sabie Public Library (Closed for renovations) | Sabie Public Library (Closed for renovations) | 01.11.2024 | 33228019375268 | 01.11.2024 | 01.11.2024 | Books | Dewey Decimal Classification | Fiction | LP AF VAND | |||||||||
| Sabie Public Library (Closed for renovations) | Sabie Public Library (Closed for renovations) | 04.11.2024 | 140.00 | 33228019375318 | 04.11.2024 | 04.11.2024 | Books | Dewey Decimal Classification | Non Fiction | LP AF VAND | 3322803103 | |||||||
| Thusiville Public LIbrary | Thusiville Public LIbrary | 17.08.2021 | 165.00 | 3228200013965 | 17.08.2021 | 17.08.2021 | Books | |||||||||||
| ZM Mkhwanazi Public Library | ZM Mkhwanazi Public Library | 10.06.2025 | 3228200039414 | 10.06.2025 | 10.06.2025 | Books | Dewey Decimal Classification | Fiction | AF VAND | Fiction | ||||||||
| ZM Mkhwanazi Public Library | ZM Mkhwanazi Public Library | 10.06.2025 | 3228200039415 | 10.06.2025 | 10.06.2025 | Books | Dewey Decimal Classification | Fiction | AF VAND | Fiction | ||||||||
| ZM Mkhwanazi Public Library | ZM Mkhwanazi Public Library | 10.06.2025 | 3228200039416 | 10.06.2025 | 10.06.2025 | Books | Dewey Decimal Classification | Fiction | AF VAND | Fiction | ||||||||
| ZM Mkhwanazi Public Library | ZM Mkhwanazi Public Library | 10.06.2025 | 3228200039417 | 10.06.2025 | 10.06.2025 | Books | Dewey Decimal Classification | Fiction | AF VAND | Fiction |